000 00648nam a2200241Ia 4500
003 OSt
005 20220924125305.0
006 a|||||r|||| 00| 0
007 ta
008 220923b |||||||| |||| 00| 0 tel d
020 _c4.00
024 _a339235
037 _cTextual
040 _aARTS
_cARTS
_btel
041 _2tel
_atel
082 _aY773:1, 35K2
100 _aSmith Marion Collins Au.
_9198014
245 0 _aAmerikan jeevitham
260 _aRajahmundry
_bAddepally & coperation
_c1962
650 _aSOCIOLOGY
942 _hY773:1, 35K2
_cTEXL
_2CC
999 _c422354
_d422354